Techniques of rambutan growth in chamkarleu district, kampong cham province; បច្ចេកទេសដាំដុះដំណាំសាវម៉ាវនៅក្នុងស្រុកចំការលើខេត្តកំពង់ចាម (Record no. 11551)

000 -LEADER
fixed length control field 00564nam a22001337a 4500
040 ## - CATALOGING SOURCE
Transcribing agency RUA
082 ## - DEWEY DECIMAL CLASSIFICATION NUMBER
Classification number AGR KEA 2015 B556 Or.1
100 ## - MAIN ENTRY--AUTHOR NAME
Personal name kEANG RAKSA; គាង រក្សា
245 ## - TITLE STATEMENT
Title Techniques of rambutan growth in chamkarleu district, kampong cham province; បច្ចេកទេសដាំដុះដំណាំសាវម៉ាវនៅក្នុងស្រុកចំការលើខេត្តកំពង់ចាម
260 ## - PUBLICATION, DISTRIBUTION, ETC. (IMPRINT)
Place of publication Phnom Penh
Name of publisher RUA
Year of publication 2015
300 ## - PHYSICAL DESCRIPTION
Number of Pages ix; 50p;
Other physical details ill;
Dimensions 29cm;
856 ## - ELECTRONIC LOCATION AND ACCESS
Uniform Resource Identifier KEANG RAKSA
942 ## - ADDED ENTRY ELEMENTS (KOHA)
Koha item type AGR
952 ## - LOCATION AND ITEM INFORMATION (KOHA)
Withdrawn status [LOCAL, KOHA] 0
952 ## - LOCATION AND ITEM INFORMATION (KOHA)
Withdrawn status [LOCAL, KOHA] 0
952 ## - LOCATION AND ITEM INFORMATION (KOHA)
Withdrawn status [LOCAL, KOHA] 0
952 ## - LOCATION AND ITEM INFORMATION (KOHA)
Withdrawn status [LOCAL, KOHA] 0
952 ## - LOCATION AND ITEM INFORMATION (KOHA)
Withdrawn status [LOCAL, KOHA] 0
952 ## - LOCATION AND ITEM INFORMATION (KOHA)
Withdrawn status [LOCAL, KOHA] 0
952 ## - LOCATION AND ITEM INFORMATION (KOHA)
Withdrawn status [LOCAL, KOHA] 0
952 ## - LOCATION AND ITEM INFORMATION (KOHA)
Withdrawn status [LOCAL, KOHA] 0
Holdings
Permanent Location Date acquired Koha item type Lost status Shelving location Barcode Current Location Full call number
Library Block B2017-08-03AGR B556A12667Library Block BAGR KEA 2015 B556 Or.1
Library Block B2017-08-03AGR B556A12778Library Block BAGR KEA 2015 B556 Or.2
Library Block B2017-08-03AGR B556A11025Library Block BAGR KEA 2015 B556 Or.3
Library Block B2017-08-03AGR B556A11105Library Block BAGR KEA 2015 B556 Or.4
Library Block B2017-08-03AGR B556A11148Library Block BAGR KEA 2015 B556 Or.5
Library Block B2017-08-03AGR B556A12196Library Block BAGR KEA 2015 B556 Or.6
Library Block B2017-08-03AGR B556A12095Library Block BAGR KEA 2015 B556 Or.7
Library Block B2017-08-03AGR B556A11801Library Block BAGR KEA 2015 B556 Or.8
មជ្ឈមណ្ឌលឯការនៃសាកលវិទ្យាល័យភូមិន្ទកសិកម្មចំការដូង

Powered by Koha